Fundamentals of voice & articulation / (Record no. 543459)
[ view plain ]
| 000 -LEADER | |
|---|---|
| fixed length control field | 00603nam a2200193 a 4500 |
| 020 ## - INTERNATIONAL STANDARD BOOK NUMBER | |
| International Standard Book Number | 0697270661 |
| 082 00 - DEWEY DECIMAL CLASSIFICATION NUMBER | |
| Classification number | 414 |
| Author Mark | MAY |
| -- | D |
| 100 1# - MAIN ENTRY--PERSONAL NAME | |
| Personal name | Mayer, Lyle Vernon, |
| 9 (RLIN) | 38823 |
| 245 10 - TITLE STATEMENT | |
| Title | Fundamentals of voice & articulation / |
| Statement of responsibility, etc. | Lyle V. Mayer. |
| 250 ## - EDITION STATEMENT | |
| Edition statement | 11th ed. |
| 260 ## - PUBLICATION, DISTRIBUTION, ETC. | |
| Place of publication, distribution, etc. | Madison : |
| Name of publisher, distributor, etc. | Brown & Benchmark, |
| Date of publication, distribution, etc. | c1996. |
| 300 ## - PHYSICAL DESCRIPTION | |
| Extent | xiv, 322 p. : |
| Other physical details | ill. ; |
| Dimensions | 28 cm. |
| 500 ## - GENERAL NOTE | |
| General note | Includes index. |
| 500 ## - GENERAL NOTE | |
| General note | Rev. ed. of: Fundamentals of voice & diction. 10th ed. c1994. |
| 526 ## - STUDY PROGRAM INFORMATION NOTE | |
| Program name | 0 |
| Interest level | 0 |
| Reading level | 0 |
| Title point value | 414_000000000000000_MAY |
| 650 #0 - SUBJECT ADDED ENTRY--TOPICAL TERM | |
| Topical term or geographic name entry element | D |
| 9 (RLIN) | 6527 |
| 700 1# - ADDED ENTRY--PERSONAL NAME | |
| Personal name | Mayer, Lyle Vernon, |
| 9 (RLIN) | 38823 |
| 942 ## - ADDED ENTRY ELEMENTS (KOHA) | |
| Source of classification or shelving scheme | |
| Koha item type | Book |
| Withdrawn status | Lost status | Source of classification or shelving scheme | Damaged status | Not for loan | Permanent Location | Current Location | Date acquired | Total Checkouts | Full call number | Barcode | Date last seen | Price effective from | Koha item type |
|---|---|---|---|---|---|---|---|---|---|---|---|---|---|
| Military College of Engineering (MCE) | Military College of Engineering (MCE) | 03/25/2014 | 414 MAY | MCE-44811 | 03/25/2014 | 03/14/2021 | Book |
